Relevant business statistics : using Excel /

This book presents: Variables and Data; Portraying the Values of a Distribution; Numerical Summaries of a Distribution; Confidence Interval around a Mean...

Αποθηκεύτηκε σε:
Λεπτομέρειες βιβλιογραφικής εγγραφής
Κύριος συγγραφέας: Gerbing, David W.
Μορφή: Βιβλίο
Γλώσσα:English
Έκδοση: Cincinnati, OH : South-Western College, 1999.
Θέματα:
Ετικέτες: Προσθήκη ετικέτας
Δεν υπάρχουν, Καταχωρήστε ετικέτα πρώτοι!
Thư viện lưu trữ: Mạng thư viện Đại học Đà Nẵng
LEADER 01186cam a2200373 i 4500
001 000047818
003 7512
005 20030312102934.0
008 010324|1999 vm 000 eng
020 |a 0324003587 
040 |a IRC  |c IRC  |d IRC 
041 0 |a eng 
082 1 4 |a 519.5  |b GE-D 
100 1 |a Gerbing, David W. 
245 0 0 |a Relevant business statistics :  |b using Excel /  |c David W. Gerbing. 
260 |a Cincinnati, OH :  |b South-Western College,  |c 1999. 
300 |a xxii, 598 p. :  |b ill. ;  |c 25.5cm. 
520 3 |a This book presents: Variables and Data; Portraying the Values of a Distribution; Numerical Summaries of a Distribution; Confidence Interval around a Mean... 
630 0 4 |a Methodology. 
630 0 4 |a Commercial statistics. 
630 0 4 |a Computer programs. 
630 0 4 |a Microsoft Excel for Windows. 
650 0 4 |a Commercial statistics  |x Methodology  |x Computer programs. 
650 0 4 |a Microsoft Excel for Windows. 
OWN |a DUT 
999 |a From the UDN01 
TYP |a Monograph 
TYP |a Printed language 
980 |a Mạng thư viện Đại học Đà Nẵng